MARC details
| 000 -CABECERA |
| campo de control de longitud fija |
01661nam a2200265 a 4500 |
| 001 - NÚMERO DE CONTROL |
| campo de control |
000001796 |
| 005 - FECHA Y HORA DE LA ÚLTIMA TRANSACCIÓN |
| campo de control |
20200929145714.0 |
| 008 - DATOS DE LONGITUD FIJA--INFORMACIÓN GENERAL |
| campo de control de longitud fija |
090629s2006 cu ac 001 0 spa d |
| 020 ## - NÚMERO INTERNACIONAL ESTÁNDAR DEL LIBRO |
| Número Internacional Estándar del Libro |
9592112886 |
| 040 ## - FUENTE DE LA CATALOGACIÓN |
| Centro catalogador/agencia de origen |
DO-SdBNP |
| Lengua de catalogación |
spa |
| Centro/agencia transcriptor |
BNPHU |
| 082 ## - NÚMERO DE LA CLASIFICACIÓN DECIMAL DEWEY |
| Número de clasificación |
364.15 |
| Número de documento/Ítem |
D485p |
| 100 1# - ENTRADA PRINCIPAL--NOMBRE DE PERSONA |
| Nombre de persona |
Deulofeu, Ivón, |
| Fechas asociadas al nombre |
1966- |
| 9 (RLIN) |
5829 |
| 245 10 - MENCIÓN DE TÍTULO |
| Título |
Paraninfo : |
| Resto del título |
un magnicidio frustrado / |
| Mención de responsabilidad, etc. |
Ivón Deulofeu ; edición Ana María Caballero Labaut. |
| 260 ## - PUBLICACIÓN, DISTRIBUCIÓN, ETC. |
| Lugar de publicación, distribución, etc. |
La Habana : |
| Nombre del editor, distribuidor, etc. |
Capitán San Luis, |
| Fecha de publicación, distribución, etc. |
2006. |
| 300 ## - DESCRIPCIÓN FÍSICA |
| Extensión |
242 p. : |
| Otras características físicas |
il., retrs. ; |
| Dimensiones |
22 cm. |
| 505 2# - NOTA DE CONTENIDO CON FORMATO |
| Nota de contenido con formato |
Por la verdad, todas las huellas -- El compromiso intransigente de la sociedad -- Luis Posada Carriles y Orlando Bosch -- El pasajero -- ¿Cómo se gestó el atentado? -- De Costa Rica a Panamá -- Llegada de Fidel a Panamá -- Terrorista del 11 de septiembre en Nueva York / Pedro Crispín Remón -- Proceso de extradición -- La fiscal Argentina Barrera instruye el caso -- Gaspar Jiménez Escobedo: el crimen en Mérida -- Fuga protegida -- La miamificación de los Estados Unidos -- Crónica de un "Acuerdo anunciado" -- El urbanista -- Los hijos del padre -- El gobierno de los Estados Unidos intenta salvar a Posada y exponer en el mundo el terrorismo -- La caja de Pandora de los Bush -- Queda en sus manos. |
| 600 14 - PUNTO DE ACCESO ADICIONAL DE MATERIA--NOMBRE DE PERSONA |
| Nombre de persona |
CASTRO RUZ, FIDEL, |
| Fechas asociadas al nombre |
1926- |
| Subdivisión general |
ATENTADOS |
| 9 (RLIN) |
5830 |
| 650 #4 - PUNTO DE ACCESO ADICIONAL DE MATERIA--TÉRMINO DE MATERIA |
| Término de materia o nombre geográfico como elemento de entrada |
Terrorismo |
| Subdivisión geográfica |
Cuba |
| 9 (RLIN) |
5819 |
| 650 #4 - PUNTO DE ACCESO ADICIONAL DE MATERIA--TÉRMINO DE MATERIA |
| Término de materia o nombre geográfico como elemento de entrada |
Delitos contra la persona |
| 9 (RLIN) |
5831 |
| 651 #4 - PUNTO DE ACCESO ADICIONAL DE MATERIA--NOMBRE GEOGRÁFICO |
| Nombre geográfico |
Cuba |
| Subdivisión general |
Política Y Gobierno |
| 9 (RLIN) |
541 |
| 651 #4 - PUNTO DE ACCESO ADICIONAL DE MATERIA--NOMBRE GEOGRÁFICO |
| Nombre geográfico |
Estados Unidos |
| Subdivisión general |
Relaciones Con Cuba |
| 9 (RLIN) |
5832 |
| 651 #4 - PUNTO DE ACCESO ADICIONAL DE MATERIA--NOMBRE GEOGRÁFICO |
| Nombre geográfico |
Cuba |
| Subdivisión general |
Relaciones Con Estados Unidos |
| 9 (RLIN) |
5833 |
| 700 1# - PUNTO DE ACCESO ADICIONAL--NOMBRE DE PERSONA |
| Nombre de persona |
Caballero Labaut, Ana María |
| Término indicativo de función/relación |
ed. |
| 9 (RLIN) |
5834 |
| 910 ## - DATOS DE OPCIÓN DEL USUARIO (OCLC) |
| Datos de opción del usuario |
Validado. Control de calidad MMOLINA |